10 Animaux par images en 1 min#1 - Statistiques

Statistiques générales
  • Ce quiz a été pris 495 fois
    472 depuis la dernière actualisation
  • Le résultat moyen est 9 sur 10
Statistiques - réponses
Par images Réponse % Correct
Chien
100%
Girafe
98%
tigre
96%
autruche
93%
tortue
93%
chenille
88%
manchot
86%
cochon d'inde
83%
fennec
66%
blaireau
62%
Aucun quiz correspondant
Distribution des résultats
% des personnes avec chaque résultat
Percentile par nombre de réponses
Votre historique - résultats
Vous n’avez pas pris ce quiz depuis la dernière actualisation